Terapia orientada a la acción : (Registro nro. 11396)

Detalles MARC
000 -LIDER
fixed length control field 01399nam a22003737a 4500
001 - NÚMERO DE CONTROL
Identificador de número de control 0011405
003 - IDENTIFICACDOR DE NÚMERO DE CONTROL
control field DO-SdBNP
005 - DATE AND TIME OF LATEST TRANSACTION
control field 20171110100452.0
007 - CAMPOS FIJOS DE DESCRIPCIÓN FÍSICA
fixed length control field 0011405
008 - ELEMENTOS DE LONGITUD FIJA
fixed length control field 160915b 2005 sp||||| |||| 00| 0 spa d
020 ## - ISBN
International Standard Book Number 9788497510295
040 ## - FUENTE DE CATALOGACIÓN
Agencia que crea de manera original el registro BPMSU
Idioma de catalogación spa
Agencia que realiza la transcripción BPMSU
082 #4 - NÚMERO DE CLASIFICACIÓN DECIMAL DE DEWEY
Classification number 618.92855
Item number W419t
100 1# - ASIENTO PRINCIPAL -- NOMBRE PERSONAL
Nombre personal Weigl, Irina
240 ## - TITULO UNIFORME
Título uniforme Hot-ein handlungsorientierter Therapieansatz für Kinder mit Sprachentwicklungsstörungen
245 10 - MENCIÓN DE TITULO
Título Terapia orientada a la acción :
Subtítulo para niños con trastornos en el desarrollo del lenguaje /
Enlace Irina weigl , Marianne Reddermann-Tschaikner ; traducción Nieves Muñoz Ramiro
260 ## - PUBLICACIÓN, DISTRIBUCIÓN, ETC. (PIE DE IMPRENTA)
Lugar de publicación, distribución, etc Barcelona :
Nombre del editor, distribuidor, etc. Lexus,
Fecha de publicación, distribución, etc 2005.
300 ## - DESCRIPCIÓN FÍSICA
Extensión 188 p. :
Otros detalles físicos il.,
Dimensiones 25 cm.
490 1# - MENCIÓN DE SERIES
Mención de serie Comunicación, lenguaje y logopedia
500 ## - NOTA GENERAL
Nota general Incluye índice
504 ## - NOTA DE BIBLIOGRAFÍA, ETC.
Bibliography, etc Bibliografía: p. 178-185
650 #4 - ENCABEZAMIENTO DE MATERIA--TEMÁTICO
Término temático o nombre geográfico como elemento de entrada TRASTORNOS DEL LENGUAJE EN NIÑOS
650 #4 - ENCABEZAMIENTO DE MATERIA--TEMÁTICO
Término temático o nombre geográfico como elemento de entrada TRASTORNOS DE LA COMUNICACION EN NIÑOS
650 #4 - ENCABEZAMIENTO DE MATERIA--TEMÁTICO
Término temático o nombre geográfico como elemento de entrada TERAPIA DEL LENGUAJE PARA NIÑOS
650 #4 - ENCABEZAMIENTO DE MATERIA--TEMÁTICO
Término temático o nombre geográfico como elemento de entrada NIÑOS CON DISCAPACIDADES
650 #4 - ENCABEZAMIENTO DE MATERIA--TEMÁTICO
Término temático o nombre geográfico como elemento de entrada TRASTORNOS DE LA COMUNICACION EN NIÑOS
700 12 - ASIENTO SECUNDARIO -- NOMBRE PERSONAL
Nombre personal Reddemann-Tschaikner, Marianne.
700 12 - ASIENTO SECUNDARIO -- NOMBRE PERSONAL
Nombre personal Muñoz Ramiro, Nieves,
Mención de responsabilidad trad.
830 #0 - ASIENTO SECUNDARIO DE SERIE--TÍTULO UNIFORME
Título uniforme Comunicación, lenguaje y logopedia
910 ## - VALIDACIÓN
Validación Validado. Control de calidad MFF
942 ## - ADDED ENTRY ELEMENTS (KOHA)
Source of classification or shelving scheme Dewey Decimal Classification
Koha item type Libros
945 ## - INFORMACIÓN DE PROCESAMIENTO LOCAL
Información de procesamiento local Invetariado extranjero / 2017 VM
956 ## - LOCAL ELECTRONIC LOCATION AND ACCESS (OCLC)
Nombre de host BTAVÁREZ
Número de acceso 10
Información de compresión 20160915
Trayectoria 0011405
Existencias
Withdrawn status Lost status Source of classification or shelving scheme Damaged status Not for loan Collection code Home library Current library Date acquired Source of acquisition Total Checkouts Full call number Barcode Date last seen Price effective from Koha item type Copy number
    Dewey Decimal Classification     Colección General Biblioteca Pública Metropolitana Salomé Ureña Biblioteca Pública Metropolitana Salomé Ureña 09/15/2016 Donación   618.92855 W419t BPMSU16090319 09/15/2016 09/15/2016 Libros  
    Dewey Decimal Classification     Colección General Biblioteca Pública Metropolitana Salomé Ureña Biblioteca Pública Metropolitana Salomé Ureña 09/15/2016 Donación   618.92855 W419t BPMSU16090320 09/15/2016 09/15/2016 Libros e. 2